| 000 | 00471nam a2200181Ia 4500 | ||
|---|---|---|---|
| 005 | 20240823032724.0 | ||
| 008 | 240823s9999||||xx |||||||||||||| ||und|| | ||
| 041 | _aENGLISH | ||
| 082 | _A610.28 P4 | ||
| 100 | _a"Moore,James" | ||
| 245 | 0 | _aBiomedical Technology and Devices Handbook | |
| 250 | _a1st | ||
| 260 |
_c2004 _b"CRC Press,Boca " |
||
| 500 | _aTRANSFERED | ||
| 650 |
_aBiomedical _bBio Medical Engg. |
||
| 700 | _a" Zouridakis,George Ed." | ||
| 942 | _cBK | ||
| 999 |
_c194099 _d194099 |
||